00700nam a2200157 a 450000100100000000500170001000800410002704000250006808200150009311000870010824500310019526000810022630000350030795201830034299900170052500003466720200930073829.0111013s1906 dr ac 000 0 spa d aDO-SdBNPbspacBNPHU axxxbR426r1 aRepública DominicanabSecretaría de Estado de Fomento y Obras Pública96010013aLa República Dominicana. aSanto Domingo :bSecretaría de Estado de Fomento y Obras Pública,c1906. a123 p. :bil., retr. ;c22 cm. 001050718RVaPDbPDcCTd2011-10-13iLF1l0oxxx R426rp34667-10r2020-06-25w2020-06-25y1zPerteneció a la biblioteca personal de Carlos Larrazábal Blanco.ZNo se presta c34158d34158